Stany w kolejności powstania - Statystyki

Ogólne statystyki
  • Ten quiz został rozwiązany 5 razy
  • Średni wynik to 4 z 50
Statystyki odpowiedzi
Hint Odpowiedź % Poprawnych
7 grudnia 1787 Delaware
100%
12 grudnia 1787 Pensylwania
100%
3 stycznia 1959 Alaska
50%
21 sierpnia 1959 Hawaje
50%
18 grudnia 1787 New Jersey
50%
14 grudnia 1819 Alabama
0%
14 lutego 1912 Arizona
0%
15 czerwca 1836 Arkansas
0%
9 stycznia 1788 Connecticut
0%
2 listopada 1889 Dakota Północna
0%
2 listopada 1889 Dakota Południowa
0%
3 marca 1845 Floryda
0%
2 stycznia 1788 Georgia
0%
3 lipca 1890 Idaho
0%
3 grudnia 1818 Illinois
0%
11 grudnia 1816 Indiana
0%
28 grudnia 1846 Iowa
0%
9 września 1850 Kalifornia
0%
29 stycznia 1861 Kansas
0%
21 listopada 1789 Karolina Północna
0%
1 czerwca 1792 Kentucky
0%
1 sierpnia 1876 Kolorado
0%
30 kwietnia 1812 Luizjana
0%
15 marca 1820 Maine
0%
28 kwietnia 1788 Maryland
0%
6 lutego 1788 Massachusetts
0%
26 stycznia 1837 Michigan
0%
11 maja 1858 Minnesota
0%
10 grudnia 1817 Missisipi
0%
10 sierpnia 1821 Missouri
0%
8 listopada 1889 Montana
0%
1 marca 1867 Nebraska
0%
31 października 1864 Nevada
0%
21 czerwca 1788 New Hampshire
0%
26 lipca 1788 Nowy Jork
0%
6 stycznia 1912 Nowy Meksyk
0%
1 marca 1803 Ohio
0%
16 listopada 1907 Oklahoma
0%
14 lutego 1859 Oregon
0%
23 maja 1788 Południowa Karolina
0%
29 maja 1790 Rhode Island
0%
29 grudnia 1845 Teksas
0%
1 czerwca 1796 Tennessee
0%
4 stycznia 1896 Utah
0%
4 marca 1791 Vermont
0%
11 listopada 1889 Waszyngton
0%
25 czerwca 1788 Wirginia
0%
20 czerwca 1863 Wirginia Zachodnia
0%
29 maja 1848 Wisconsin
0%
10 lipca 1890 Wyoming
0%
Nie znaleziono quizów pasujących do podanych kryteriów
Rozkład punktacji
Procent ludzi z każdym wynikiem
Percentyl według liczby udzielonych odpowiedzi
Twoja historia wyników
Nie rozwiązałeś tego quizu